000 00709nam a22002177a 4500
003 OSt
005 20250820061452.0
008 250820b |||||||| |||| 00| 0 eng d
020 _a0-669-16785-1
040 _aDWC-Main Lib
_cOC
082 _aCirc. 808.042 V969h 1992
100 _aVoss, Ralph F.
245 _aThe health guide to college writing/
_cRalph F. Voss
260 _aLexington Massachusettes Toronto :
_bD.C Health and Compay,
_cc1992.
300 _axxviii, 811 pages :
_bcolor illustrations ;
_c23cm.
504 _aIncludes index.
650 _a1. Report writing.
650 _a2. English language-- Grammar.
650 _a3. English language --Rhetoric.
942 _2ddc
_cBK-CIRC
_kCirc.
_n0
999 _c4116
_d4116